000 00667nam a22002297a 4500
003 UA-OsUOA
001 76822
007 ta
008 20110825b un ||||| |||| 00| 0 ukr d
090 _a(038)=161.2=161.1
_bУ45
942 _cBK
040 _aUA-OsUOA
_bukr
_cUA-OsUOA
_dUA-OsUOA
245 _aУкраїнсько-російський словник
_cвідп. ред. Л.С.Паламарчук, Л.Г.Скрипник
300 _a938 с.
955 _a2
041 _aukr
080 _a(038)=161.2=161.1
260 _aК.
_bГол. ред. УРЕ
_c1984
250 _nвид. 5
650 7 _a0 Загальний відділ.
_2UDC
999 _c363120
_d363120